| 000 | 005340000a22001810004500 | ||
|---|---|---|---|
| 020 | _a0-87509-329-9 | ||
| 041 | 0 | _aENG | |
| 082 | 0 | 4 | _aG 253.5 G8916h |
| 100 | 1 | _aGrunlan, Stephen A. | |
| 245 | 1 | 0 | _aHealing realationship : A christian's manual for lay counseling / Stephen A. Grunlan, Daniel H. Lambrides |
| 260 | _aCamp Hill, Pennsylvania, USA : Christian | ||
| 300 | _a220 Pag | ||
| 001 | 6449 | ||
| 942 | _cBK | ||
| 999 |
_c36719 _d36719 |
||
| 336 |
_atexto _btxt _2rdacontent |
||
| 337 |
_2rdamedia _asin mediación _bn |
||
| 338 |
_2rdacarrier _avolumen _bnc |
||